000 00297nam a22001337a 4500
999 _c12413
_d12413
020 _a9789332536487
082 _a330.015
100 _aA. H Studenmund
245 _aUsing Econometrics
_bA Practical Guide
250 _a6th
260 _aIndia
_bPearson
_c2016
300 _a576 pages
942 _cBK